000 00251nam a22000977a 4500
020 _a9788496848054
100 _aRamon C Gelabert
245 _aStress and Anxiety; scientific and natural treatments
260 _aSpain
_bEdiciones Vidasana
942 _cBK
999 _c250994
_d250994